| 000 | 01065nam a22002417a 4500 | ||
|---|---|---|---|
| 005 | 20240305165445.0 | ||
| 007 | cr|||| |||| | ||
| 008 | 161204s2008 br |||||s|||| 00||0 por d | ||
| 020 | _a978-85-89919-58-6 | ||
| 035 | _a14566 | ||
| 040 | _avLex | ||
| 090 |
_c6409 _d6409 |
||
| 100 | 1 | _ade Oliveira Silva, Ivan | |
| 245 | 1 | 0 |
_aBiodireito, bioética e patrimônio genético brasileiro _h[Recurso electrónico] / _cIvan de Oliveira Silva |
| 256 | _aServicio en línea | ||
| 260 |
_aSan Pablo: _bPillares, _c2008 |
||
| 300 | _a1 recurso electrónico | ||
| 506 | 1 |
_aDisponible solo en los productos indicados _dvLex Global _dvLex Global (Academic Edition, excluding Law Schools) _dvLex Global (U.S. Academic Edition, Law Schools) _dvLex Global (U.S. Academic Edition, excluding Law Schools) _dvLex Global (Academic Edition, Law Schools) |
|
| 650 | 0 | 4 |
_aDerecho de las Nuevas Tecnologías _zBrasil |
| 740 | 0 | _avLex Libros (Servicio en línea) | |
| 856 | 4 | 0 | _uhttps://app.vlex.com/#/sources/biodireito-bioetica-patrim-nio-genetico-brasileiro-14566 |
| 942 | _cRAA | ||
| 999 |
_c164660 _d164660 |
||